00484nam a2200193 a 4500001001300000003000900013005001700022008004100039020002200080082001500102100001800117245001200135260004500147300000900192500003500201505002000236650001600256700001800272nice12345678IN_TiNIC20260116012224.0050524s1978 dela grp 000 0 eng  a0706970 c2500a923.2bNAY aNayar, Kuldip aIn Jail aDelhi bVikas Pub House Pvt. Ltd. c1978 a152p aincludes index and biblioraphy2 aappendix, index aKuldi Nayar1 aNayar, Kuldip